000 00384nam a2200169Ia 4500
001 16141
003 IN-NITTTR
005 20251114233152.0
008 251113s9999||||xx |||||||||||||| ||eng||
040 _beng
040 _cIN-NITTTR
041 _aeng
082 _a027.00723 L63L
100 _aLine, Maurice B.
245 0 _aLibrary surveys /
_cLine, Maurice B.
942 _2ddc
_cBK
999 _c18775
_d18775